Advanced inorganic chemistry (Record no. 2836)

000 -LEADER
fixed length control field 00571nam a2200241u 4500
001 - CONTROL NUMBER
control field 2836
003 - CONTROL NUMBER IDENTIFIER
control field BD-DhUET
008 - FIXED-LENGTH DATA ELEMENTS--GENERAL INFORMATION
fixed length control field 890901s1965 ii 000 0 eng
020 ## - INTERNATIONAL STANDARD BOOK NUMBER
International Standard Book Number 8121902630
040 ## - CATALOGING SOURCE
Original cataloging agency DLC
Transcribing agency DLC
Modifying agency BD-DhUET
082 ## - DEWEY DECIMAL CLASSIFICATION NUMBER
Classification number 546
Item number PRA/2000
100 ## - MAIN ENTRY--PERSONAL NAME
Personal name Prakash, Satya
245 00 - TITLE STATEMENT
Title Advanced inorganic chemistry
250 ## - EDITION STATEMENT
Edition statement 1st ed.
260 ## - PUBLICATION, DISTRIBUTION, ETC. (IMPRINT)
Place of publication, distribution, etc. New York
Name of publisher, distributor, etc. S. Chand
Date of publication, distribution, etc. 2000
300 ## - PHYSICAL DESCRIPTION
Extent xvi, 1157p.
Other physical details ill.
500 ## - GENERAL NOTE
General note Vol. I
650 #0 - SUBJECT ADDED ENTRY--TOPICAL TERM
Topical term or geographic name as entry element Chemistry
700 ## - ADDED ENTRY--PERSONAL NAME
Personal name Tuli, G. D.
700 ## - ADDED ENTRY--PERSONAL NAME
Personal name Basu, S. K.
700 ## - ADDED ENTRY--PERSONAL NAME
Personal name Madan, R. D.
942 ## - ADDED ENTRY ELEMENTS (KOHA)
Koha item type General Book
Holdings
Shelving location Lost status Koha normalized classification for sorting Koha date last seen Koha issues (times borrowed) Koha item type Damaged status Copy number Koha date last borrowed Sublocation or collection (holding branch) Price effective from Date acquired Location (home branch) Piece designation (barcode) Source of classification or shelving scheme Withdrawn status Not for loan Koha full call number Koha renewals
Circulation section 546_000000000000000_PRA_20002024-05-265General Book 12024-04-27Central Library, BUET2014-10-122014-10-12Central Library, BUET96435   546/PRA/20002
Circulation section 546PRA20002020-02-2412General Book 22020-02-23Central Library, BUET2014-11-092014-11-09Central Library, BUET96433   546/PRA/20001
Reading section 546_000000000000000_PRA_20002015-06-16 Reading Item 3 Central Library, BUET2015-06-162015-06-16Central Library, BUET96431   546/PRA/2000 
Circulation section 546_000000000000000_PRA_20002019-09-016General Book 42019-08-24Central Library, BUET2015-12-282015-12-28Central Library, BUET96434   546/PRA/2000